Hodnoty maloobchodu rástli postupne
Pohľad na obchod v minulom roku vypracovaný agentúrou pre prieskum trhu - Terno. TOP 10 obchodu v SR v roku 2014, TOP 10 obchodu s potravinami.
Guardado en:
| Autor principal: | |
|---|---|
| Formato: | Capítulo de libro |
| Lenguaje: | eslovaco |
| Materias: | |
| Etiquetas: |
Sin Etiquetas, Sea el primero en etiquetar este registro!
|
MARC
| LEADER | 00000naa a2200000 4500 | ||
|---|---|---|---|
| 001 | 0200049 | ||
| 005 | 20231011070246.8 | ||
| 041 | 0 | |a slo | |
| 044 | |a SK | ||
| 245 | 1 | 0 | |a Hodnoty maloobchodu rástli postupne |c Ľubomír Drahovský |
| 520 | |a Pohľad na obchod v minulom roku vypracovaný agentúrou pre prieskum trhu - Terno. TOP 10 obchodu v SR v roku 2014, TOP 10 obchodu s potravinami. | ||
| 610 | 2 | 0 | |a siete maloobchodné |
| 610 | 2 | 0 | |a tržby |
| 610 | 2 | 0 | |a Slovensko |
| 610 | 2 | 0 | |a 2014 |
| 100 | 1 | |a Drahovský, Ľubomír | |